000 00510nam a22001817a 4500
001 10052
003 FISKH
005 20260403112610.0
008 260402b cb ||||| |||| 00| 0 eng d
020 _a9787576011043
040 _aFISKH
_bchi
_cFISKH
_dFISKH
082 _a843
100 _a亚历克斯·固索
245 _a小龙查理系列绘本 ( Drawing and coloring ) /
_c亚历克斯·固索
300 _a48 unnumbered pages :
_billustrations ;
_c38 cm .
942 _2ddc
_cBOOK
_n0
999 _c10052
_d10052